000
00339nam a22001217a 4500
999
_c
2796
_d
2796
005
20200924112215.0
008
200924b ||||| |||| 00| 0 eng d
020
_a
27436
040
_c
CML
245
_a
The World Book Encyclopedia: F.
260
_a
London
_b
Word Book, Inc.
_c
1990
942
_2
ddc
_c
BK
_e
Volume 7
_h
030
_k
R
_m
WOR